Fehlerdiagnose für Schaltnetze aus Modulen mit partiel injektiven Pfadfunktionen

Saved in:
Bibliographic Details
Main Author: Marhöfer, Michael
Format: Book
Language:German
Published: Berlin Springer 1987
Edition:1. Aufl.
Tags: Add Tag
No Tags, Be the first to tag this record!

MARC

LEADER 00000nam a2200000 4500
001 c036168
005 20221219110931.4
041 0 |a ger 
044 |a DE 
245 1 0 |a Fehlerdiagnose für Schaltnetze aus Modulen mit partiel injektiven Pfadfunktionen  |c Michael Marhöfer 
250 |a 1. Aufl. 
264 1 |a Berlin  |b Springer  |c 1987 
300 |a 172 s. 
100 1 |a Marhöfer, Michael